A textbook of refrigeration and air conditioning (S.I. units) (Record no. 10747)

000 -LEADER
fixed length control field 01245nam a2200193Ia 4500
008 - FIXED-LENGTH DATA ELEMENTS--GENERAL INFORMATION
fixed length control field 200103s 1998 ||||xx |||||||||||||| ||und||
020 ## - INTERNATIONAL STANDARD BOOK NUMBER
International Standard Book Number 9788121902687
082 ## - DEWEY DECIMAL CLASSIFICATION NUMBER
Classification number 621.56
Item number KHU
100 ## - MAIN ENTRY--PERSONAL NAME
Personal name Khurmi, R.S.
245 #2 - TITLE STATEMENT
Title A textbook of refrigeration and air conditioning (S.I. units)
260 ## - PUBLICATION, DISTRIBUTION, ETC. (IMPRINT)
Name of publisher, distributor, etc Eurasia Publishing House (P) Ltd.
Date of publication, distribution, etc 1998
Place of publication, distribution, etc New Delhi
300 ## - PHYSICAL DESCRIPTION
Extent vii, 677 p.: ill.
504 ## - BIBLIOGRAPHY, ETC. NOTE
Bibliography, etc Table of Contents <br/><br/>* Introduction <br/>* Air Refrigeration Cycles <br/>* Air Refrigeration Systems <br/>* Simple Vapour Compression Systems <br/>* Compound Vapour Compression Systems <br/>* Multi-evaporator and Compressor Systems <br/>* Vapour Absorption Refrigeration Systems <br/>* Refrigerants <br/>* Refrigerant Compressors <br/>* Condensers <br/>* Evaporators <br/>* Expansion Devices <br/>* Food Preservation <br/>* Low Temperature Refrigeration (Cryogenics) <br/>* Steam-Jet Refrigeration system <br/>* Psychrometry <br/>* Comfort Conditions<br/>* Air Conditioning Systems<br/>* Cooling Load Estimation<br/>* Ducts<br/>* Fans<br/>Refrigeration Tables and Charts<br/>Index
650 ## - SUBJECT ADDED ENTRY--TOPICAL TERM
Topical term or geographic name as entry element Refrigeration and refrigerating machinery
650 ## - SUBJECT ADDED ENTRY--TOPICAL TERM
Topical term or geographic name as entry element Air conditioning
650 ## - SUBJECT ADDED ENTRY--TOPICAL TERM
Topical term or geographic name as entry element Refrigeration and refrigerating machinery - Study and teaching
700 ## - ADDED ENTRY--PERSONAL NAME
Personal name Gupta, J.K.
Relator term Co-author
942 ## - ADDED ENTRY ELEMENTS (KOHA)
Item type Books
Holdings
Withdrawn status Lost status Source of classification or shelving scheme Damaged status Not for loan Collection code Permanent location Current location Shelving location Date acquired Total Checkouts Total Renewals Full call number Barcode Date last seen Date last borrowed Koha item type Public note
          Non-fiction IMU-MPC Library IMU-MPC Library General Stacks 2020-01-08 7 2 621.56 KHU MPCMM99 2026-02-27 2026-02-20 Books Column - 57
Copyright © 2021 Indian Maritime University, Mumbai Port Campus. All Rights Reserved. Managed & Maintained by Central Library, IMU-Mumbai

webs counters

Powered by Koha